[Event "8th ch-Euro"]
[Site "Dresden GER"]
[Date "2007.04.05"]
[Round "3"]
[White "Mchedlishvili,M"]
[Black "Petrik,T"]
[Result "1/2-1/2"]
[WhiteElo "2583"]
[BlackElo "2531"]
[EventDate "2007.04.03"]

1. d4 e6 2. c4 Nf6 3. Nc3 Bb4 4. Qc2 d5 5. a3 Bxc3+ 6. Qxc3 Ne4 7. Qc2 c5
8. dxc5 Nc6 9. e3 Qa5+ 10. Bd2 Nxd2 11. Qxd2 dxc4 12. Qxa5 Nxa5 13. Rc1 b5
14. cxb6 Bb7 15. Nf3 Ke7 16. bxa7 Bxf3 17. gxf3 Rxa7 18. Rg1 Rb8 19. Rc2
Rab7 20. Bxc4 Rxb2 21. Rxb2 Rxb2 22. Bd3 Rb3 23. Ke2 Rb2+ 24. Ke1 Rb3 25.
Bc2 Rc3 26. Kd1 g6 27. a4 Nc4 28. f4 Na3 29. Be4 Rc4 30. Bd3 Rxa4 31. Ke2
Nc4 32. Bxc4 Rxc4 33. Kf3 h6 34. Ra1 g5 35. fxg5 hxg5 36. h3 Kf6 37. Ra5
Rb4 1/2-1/2

[Event "8th ch-Euro"]
[Site "Dresden GER"]
[Date "2007.04.05"]
[Round "3"]
[White "Nijboer,F"]
[Black "Howell,D"]
[Result "1/2-1/2"]
[WhiteElo "2638"]
[BlackElo "2501"]
[EventDate "2007.04.03"]

1. e4 e5 2. Nf3 Nc6 3. Bb5 a6 4. Ba4 Nf6 5. O-O Nxe4 6. d4 b5 7. Bb3 d5 8.
dxe5 Be6 9. Nbd2 Nc5 10. c3 d4 11. Bxe6 Nxe6 12. cxd4 Ncxd4 13. a4 Bb4 14.
Nxd4 Nxd4 15. Nf3 Nxf3+ 16. Qxf3 O-O 17. axb5 a5 18. Rd1 Qe8 19. Rd5 c6 20.
bxc6 Qxc6 21. Be3 Qc2 22. Qd1 Qxb2 23. Bd4 Bc3 24. Rb1 Qd2 25. Qxd2 Bxd2
26. Kf1 Rfd8 27. Rxd8+ Rxd8 28. Rb7 f6 29. Bb6 Re8 30. Bc7 Bc3 31. Ra7 Bxe5
1/2-1/2

[Event "8th ch-Euro"]
[Site "Dresden GER"]
[Date "2007.04.05"]
[Round "3"]
[White "Roiz,M"]
[Black "Jenni,F"]
[Result "1/2-1/2"]
[WhiteElo "2605"]
[BlackElo "2519"]
[EventDate "2007.04.03"]

1. d4 Nf6 2. Nf3 e6 3. c4 b6 4. Bf4 Bb4+ 5. Nbd2 Bb7 6. e3 O-O 7. Bd3 d6 8.
O-O Bxd2 9. Nxd2 c5 10. Bg5 h6 11. Bh4 cxd4 12. exd4 d5 13. c5 bxc5 14.
dxc5 Nc6 15. Nf3 a5 16. Re1 Ba6 17. Bc2 Rb8 18. Qd2 d4 19. Rad1 d3 20. Bb1
Rb4 21. b3 g5 22. Bg3 Ne4 23. Qb2 Qd5 24. Re3 1/2-1/2

[Event "8th ch-Euro"]
[Site "Dresden GER"]
[Date "2007.04.05"]
[Round "3"]
[White "Erdos,V"]
[Black "Golod,V"]
[Result "0-1"]
[WhiteElo "2518"]
[BlackElo "2597"]
[EventDate "2007.04.03"]

1. d4 Nf6 2. c4 e6 3. Nc3 Bb4 4. Qc2 O-O 5. a3 Bxc3+ 6. Qxc3 Ne4 7. Qc2 f5
8. e3 b6 9. Ne2 Bb7 10. f3 Qh4+ 11. g3 Qe7 12. Bg2 Nf6 13. O-O d6 14. b3
Nbd7 15. Bb2 c5 16. Rad1 Rac8 17. dxc5 Nxc5 18. Nf4 d5 19. Bxf6 Qxf6 20. b4
Na6 21. Qa4 Rxc4 22. Rfe1 g5 23. Nd3 Ra8 24. e4 fxe4 25. fxe4 dxe4 26. Qb5
Rc2 27. Qe5 Rxg2+ 28. Kxg2 exd3+ 29. Kg1 Qxe5 30. Rxe5 Rd8 31. Rxe6 Bf3 32.
Rd2 Kf7 33. Re3 Be2 34. Kf2 Re8 35. Rb2 Nc7 36. Rxe8 Nxe8 37. b5 Nd6 38.
Rb4 Ke6 39. h4 h6 0-1

[Event "8th ch-Euro"]
[Site "Dresden GER"]
[Date "2007.04.05"]
[Round "3"]
[White "Bartel,Mat"]
[Black "Berescu,A"]
[Result "1/2-1/2"]
[WhiteElo "2587"]
[BlackElo "2495"]
[EventDate "2007.04.03"]

1. d4 e6 2. Nf3 Nf6 3. c4 d5 4. Nc3 Bb4 5. Qa4+ Nc6 6. Ne5 Bd7 7. Nxd7 Qxd7
8. a3 Be7 9. e3 O-O 10. cxd5 exd5 11. Be2 a6 12. Bf3 b5 13. Qc2 Na5 14. O-O
Nc4 15. b3 Nb6 16. a4 b4 17. Ne2 a5 18. Nf4 Rac8 19. Bb2 c6 20. Rac1 Bd6
21. Nd3 Qc7 22. g3 Nbd7 23. Bg2 Rfd8 24. f3 Qa7 25. Bh3 Rc7 26. Rfe1 Re8
27. Kh1 Qa6 28. Bf1 Qc8 29. Qg2 c5 30. dxc5 Nxc5 31. Nxc5 Rxc5 32. Rxc5
Qxc5 33. Bd4 Qc7 34. f4 Ne4 35. Qb2 Nc3 36. Rc1 Qe7 37. Bg2 Bc5 38. Bxc3
bxc3 39. Qxc3 Bxe3 40. Rd1 Qc5 41. Qxc5 Bxc5 42. Bxd5 Bb4 43. Rd4 Re1+ 44.
Kg2 Re2+ 45. Kf3 Rd2 46. Rxd2 1/2-1/2

[Event "8th ch-Euro"]
[Site "Dresden GER"]
[Date "2007.04.05"]
[Round "3"]
[White "Potapov,Alexa1"]
[Black "Nataf,IA"]
[Result "0-1"]
[WhiteElo "2510"]
[BlackElo "2589"]
[EventDate "2007.04.03"]

1. d4 Nf6 2. c4 g6 3. Nc3 Bg7 4. e4 d6 5. h3 O-O 6. Bg5 c5 7. d5 e6 8. Bd3
exd5 9. exd5 a6 10. a4 Nbd7 11. Nf3 Re8+ 12. Kf1 h6 13. Be3 b6 14. Qd2 h5
15. g3 a5 16. Kg2 Ne5 17. Nxe5 dxe5 18. f4 e4 19. Be2 Ra7 20. Rag1 Bd7 21.
Kf2 Qc8 22. g4 hxg4 23. hxg4 Nxg4+ 24. Bxg4 Bxg4 25. Nb5 Ra8 26. Nd6 Qd7
27. Nxe8 Rxe8 28. Qc2 Qf5 29. Rh4 Bf3 30. Qd2 Bf6 31. Rh2 Qd7 32. b3 Qf5
33. Rg3 Bh5 34. Kg1 Bf3 35. Kf1 Bh5 36. Ke1 Bf3 37. Rhh3 Bg4 38. Rh1 Bf3
39. Rh2 Ba1 40. Rg5 Qf6 41. Kf2 Bc3 42. Qc1 Bb2 43. Qg1 Bd4 44. Kg3 Kg7 45.
Rd2 Bc3 46. Rh2 Bd4 47. Rd2 Bxe3 48. Qxe3 Qa1 49. Kf2 Rh8 50. Rg1 Qf6 51.
Ke1 Rh3 52. Ra2 Bg2 53. Qf2 Qc3+ 54. Qd2 Qg3+ 55. Qf2 Qc3+ 56. Qd2 Re3+ 57.
Kf2 Rf3+ 58. Kxg2 Rg3+ 59. Kh1 Rh3+ 60. Qh2 Qxb3 61. Raa1 Rxh2+ 62. Kxh2
Qxc4 63. d6 Qe2+ 64. Rg2 Qh5+ 65. Kg1 Qd5 66. Re1 f5 0-1

[Event "8th ch-Euro"]
[Site "Dresden GER"]
[Date "2007.04.05"]
[Round "3"]
[White "Grigoriants,S RUS"]
[Black "Maze,S"]
[Result "1/2-1/2"]
[WhiteElo "2592"]
[BlackElo "2506"]
[EventDate "2007.04.03"]

1. e4 c5 2. Nf3 Nc6 3. d4 cxd4 4. Nxd4 g6 5. c4 Bg7 6. Be3 Nf6 7. Nc3 d6 8.
Be2 O-O 9. O-O Bd7 10. Qd2 Nxd4 11. Bxd4 Bc6 12. f3 Nd7 13. Be3 a5 14. b3
Nc5 15. Rac1 Be5 16. Kh1 e6 17. Bg5 f6 18. Bh4 g5 19. Bg3 Qe7 20. Rfd1 h5
21. Qe3 b6 22. Rd2 1/2-1/2

[Event "8th ch-Euro"]
[Site "Dresden GER"]
[Date "2007.04.05"]
[Round "3"]
[White "Polak,T"]
[Black "Kritz,L"]
[Result "1/2-1/2"]
[WhiteElo "2500"]
[BlackElo "2597"]
[EventDate "2007.04.03"]

1. d4 d5 2. c4 c6 3. Nc3 Nf6 4. e3 a6 5. Nf3 b5 6. c5 Nbd7 7. b4 a5 8. bxa5
Qxa5 9. Bd2 b4 10. Nb1 Ne4 11. a3 Nxd2 12. Nfxd2 Qa4 13. Qxa4 Rxa4 14. Nb3
Kd8 15. Kd2 bxa3 16. Rxa3 Rxa3 17. Nxa3 e5 18. Nc2 Kc7 19. Nb4 exd4 20.
exd4 Be7 21. Bd3 Bb7 22. Ra1 g6 23. Ra7 Kb8 24. Ra4 Bg5+ 25. Kc2 Bd8 26.
Na5 Bxa5 27. Rxa5 Re8 28. Kd2 Nf8 29. Ra3 Ne6 30. Nc2 Kc7 31. h4 Nf4 32.
Bf1 Nh5 33. Re3 Kd7 34. g3 Ra8 35. Rb3 Kc7 36. Re3 Kd8 37. Rb3 Kc7 38. Re3
1/2-1/2

[Event "8th ch-Euro"]
[Site "Dresden GER"]
[Date "2007.04.05"]
[Round "3"]
[White "Potkin,V"]
[Black "Dgebuadze,A"]
[Result "1-0"]
[WhiteElo "2580"]
[BlackElo "2504"]
[EventDate "2007.04.03"]

1. e4 e6 2. d4 d5 3. Nc3 Bb4 4. e5 c5 5. a3 Bxc3+ 6. bxc3 Nc6 7. Qg4 g6 8.
a4 Qa5 9. Bd2 c4 10. Nf3 h6 11. Be2 Bd7 12. O-O O-O-O 13. Rfb1 g5 14. Qh5
f6 15. Rb5 Qc7 16. Bc1 a6 17. Rbb1 Rh7 18. Qg6 Rh8 19. exf6 Be8 20. Qg7
Qxg7 21. fxg7 Rh7 22. h4 gxh4 23. Nxh4 Rxg7 24. Bf4 Nf6 25. Bxh6 Rg8 26. f3
Rd7 27. Be3 Rh7 28. Bf2 Ne7 29. Re1 Nf5 30. Nxf5 exf5 31. Be3 Nh5 32. Kf2
f4 33. Bd2 Re7 34. a5 Bg6 35. Bf1 Rge8 36. Rxe7 Rxe7 37. Ra2 Re6 38. Bxf4
Nxf4 39. g3 Rf6 40. gxf4 Rxf4 41. Kg3 Rf6 42. Bg2 Kc7 43. f4 Bf7 44. Bh3
Rg6+ 45. Kf3 Rg1 46. f5 Rb1 47. Kf4 Be8 48. Ke5 Bc6 49. f6 Re1+ 50. Kf4 Kd6
51. Rb2 Rh1 52. Bc8 Rf1+ 53. Kg5 Rg1+ 54. Kh6 Bb5 55. Kh7 Rh1+ 56. Kg7 Rg1+
57. Kf8 Kc7 58. Be6 Kd6 59. Bc8 Kc7 60. Be6 Kd6 61. f7 Kxe6 62. Rxb5 axb5
63. Ke8 Rf1 64. f8=Q Rxf8+ 65. Kxf8 Kf5 66. Ke7 Ke4 67. Kd6 Ke3 68. Kxd5
Kd2 69. Kc5 Kxc3 70. d5 b4 71. d6 b3 72. cxb3 cxb3 73. d7 b6+ 74. axb6 b2
75. d8=Q b1=Q 76. Qd4+ Kc2 77. Qe4+ Kc3 78. Qxb1 1-0

[Event "8th ch-Euro"]
[Site "Dresden GER"]
[Date "2007.04.05"]
[Round "3"]
[White "Stanojoski,Z"]
[Black "Iordachescu,V"]
[Result "1/2-1/2"]
[WhiteElo "2504"]
[BlackElo "2563"]
[EventDate "2007.04.03"]

1. e4 c6 2. d4 d5 3. Nd2 dxe4 4. Nxe4 Bf5 5. Ng3 Bg6 6. h4 h6 7. Nf3 Nd7 8.
h5 Bh7 9. Bd3 Bxd3 10. Qxd3 e6 11. Bf4 Qa5+ 12. Bd2 Bb4 13. c3 Be7 14. c4
Qc7 15. O-O-O Ngf6 16. Ne4 b5 17. cxb5 cxb5+ 18. Kb1 Qb7 19. Nxf6+ Nxf6 20.
Ne5 Qe4 21. Qxe4 Nxe4 22. Be3 Nf6 23. f4 Nd5 24. Bd2 O-O 25. g4 Bd6 26.
Rdg1 Ne7 27. Nf3 Rfd8 28. Rg2 Kh7 29. g5 Nf5 30. g6+ Kg8 31. gxf7+ Kxf7 32.
Rg6 Ne7 33. Rg4 Rd7 34. Rhg1 Rg8 35. Nh4 Bc7 36. Ng6 Nf5 37. Bc3 Rd5 38. a3
Bd6 39. Ne5+ Bxe5 40. fxe5 Rc8 41. Rf4 Rc4 42. Rgg4 a5 43. Bxa5 Rcxd4 44.
Bc3 Rxf4 45. Rxf4 g5 46. hxg6+ Kxg6 47. Rg4+ Kf7 48. b3 h5 49. Rg5 h4 50.
a4 bxa4 51. bxa4 Rd8 52. a5 Rh8 53. Rg1 h3 54. Be1 h2 55. Rh1 Ne3 56. Bg3
Ng4 57. Bxh2 Ra8 58. Bg3 Rxa5 59. Rh7+ Kg6 60. Re7 Kf5 61. Rf7+ Kg6 62. Re7
Ra3 63. Rxe6+ Kf5 64. Rb6 Rxg3 65. e6 Re3 66. Kc2 Kf6 67. Kd2 Rh3 68. e7+
Kxe7 69. Ke2 Ne5 70. Ra6 Nc4 71. Rg6 Nd6 72. Kf2 Ne4+ 73. Kg2 Ra3 74. Rb6
Nd6 75. Rb8 Ke6 76. Rf8 Ke5 77. Rd8 Nf5 78. Re8+ Kf4 79. Rf8 Rb3 80. Kf2
Rb2+ 81. Ke1 Ke3 82. Re8+ Kd3 83. Rd8+ Nd4 84. Kf1 Ke3 85. Re8+ Kf4 86.
Rf8+ Nf5 87. Ke1 Ke4 88. Re8+ Kf3 89. Rf8 Ke3 90. Re8+ Kd3 91. Rd8+ Nd4 92.
Kf1 Rb7 93. Kf2 Rg7 94. Kf1 Ke3 95. Re8+ Kf3 96. Rf8+ 1/2-1/2

[Event "8th ch-Euro"]
[Site "Dresden GER"]
[Date "2007.04.05"]
[Round "3"]
[White "Manolache,M"]
[Black "Guseinov,G"]
[Result "1/2-1/2"]
[WhiteElo "2491"]
[BlackElo "2585"]
[EventDate "2007.04.03"]

1. d4 g6 2. Nf3 Bg7 3. c4 Nf6 4. Nc3 O-O 5. e4 d6 6. Be2 Bg4 7. Be3 Nfd7 8.
Qd2 e5 9. O-O Bxf3 10. Bxf3 Nc6 11. dxe5 dxe5 12. Rfd1 Nd4 13. Nb5 c5 14.
Bg5 Bf6 15. Bh6 Bg7 16. Bg5 Bf6 17. Bh6 Bg7 1/2-1/2

[Event "8th ch-Euro"]
[Site "Dresden GER"]
[Date "2007.04.05"]
[Round "3"]
[White "Van den Doel,E"]
[Black "Holzke,F"]
[Result "1/2-1/2"]
[WhiteElo "2581"]
[BlackElo "2467"]
[EventDate "2007.04.03"]

1. e4 e5 2. Nf3 Nc6 3. Bb5 a6 4. Ba4 Nf6 5. O-O Nxe4 6. d4 b5 7. Bb3 d5 8.
dxe5 Be6 9. Nbd2 Be7 10. c3 O-O 11. Bc2 Nxd2 12. Qxd2 Bg4 13. Qd3 g6 14.
Re1 Bf5 15. Qd1 Bxc2 16. Qxc2 Qd7 17. h3 Rfe8 18. Bh6 Bf8 19. Qd2 Bg7 20.
Qf4 Qe7 21. Bg5 Qe6 22. Bf6 Bxf6 23. exf6 Qd6 24. Qxd6 cxd6 25. Rad1 Re6
26. Rxd5 Rxf6 27. Red1 Rd8 28. Ng5 Ne7 29. R5d4 d5 30. Kf1 a5 31. Ne4 Rc6
32. Nd2 Rb8 33. Re1 Re6 34. a3 Rxe1+ 35. Kxe1 Rd8 36. Nb3 a4 37. Nc5 Nc6
38. Rd1 d4 39. cxd4 Nxd4 40. Kf1 f5 41. Na6 Kf7 42. f4 Rd6 43. Nc5 Ke7 44.
Re1+ Kf7 45. Rd1 Ke7 46. Re1+ 1/2-1/2

[Event "8th ch-Euro"]
[Site "Dresden GER"]
[Date "2007.04.05"]
[Round "3"]
[White "Handke,F"]
[Black "Ftacnik,L"]
[Result "0-1"]
[WhiteElo "2459"]
[BlackElo "2582"]
[EventDate "2007.04.03"]

1. e4 c5 2. Nf3 d6 3. c3 Nf6 4. Be2 Nbd7 5. d3 b6 6. O-O Bb7 7. Nbd2 e5 8.
Nc4 Be7 9. Nh4 g6 10. f4 O-O 11. Nf3 exf4 12. Bxf4 d5 13. Nd6 Bc6 14. Ng5
Bxd6 15. Bxd6 Ne8 16. Bf4 h6 17. exd5 Bxd5 18. Ne4 g5 19. Bd6 Nxd6 20. Nxd6
Be6 21. d4 Qe7 22. d5 Qxd6 23. dxe6 Qxe6 24. Bg4 Qe3+ 25. Kh1 Ne5 26. Bf5
g4 27. Qd6 Rad8 28. Qe7 Rd2 29. Rae1 Re2 30. Rxe2 Qxe2 31. Rg1 Qe3 32. Rf1
Nc4 33. Be4 Qg5 34. Qxg5+ hxg5 35. g3 Nd2 36. Re1 Nxe4 37. Rxe4 f5 38. Re7
Rf7 39. Re6 Kg7 40. b4 cxb4 41. cxb4 Rd7 42. a4 f4 43. gxf4 gxf4 44. b5
Rd1+ 45. Kg2 f3+ 46. Kf2 Rd2+ 47. Kg1 Rg2+ 48. Kh1 Re2 0-1

[Event "8th ch-Euro"]
[Site "Dresden GER"]
[Date "2007.04.05"]
[Round "3"]
[White "Khismatullin,D"]
[Black "Brendel,O"]
[Result "1-0"]
[WhiteElo "2599"]
[BlackElo "2370"]
[EventDate "2007.04.03"]

1. d4 Nf6 2. c4 g6 3. g3 c5 4. d5 Bg7 5. Nc3 d6 6. Bg2 e6 7. dxe6 fxe6 8.
Bf4 e5 9. Bg5 Nc6 10. Nf3 Be6 11. O-O Bxc4 12. Nd2 Ba6 13. Nde4 Nd4 14. e3
Bxf1 15. Qxf1 Ne6 16. Bxf6 Bxf6 17. Rd1 Be7 18. Nb5 d5 19. Rxd5 Qxd5 20.
Nf6+ Bxf6 21. Bxd5 Ke7 22. Bxe6 Kxe6 23. Nc7+ Ke7 24. Qc4 Kd6 25. Nxa8 Rxa8
26. Qf7 Be7 27. Qxh7 g5 28. Qg6+ Kd7 29. Qe4 Rb8 30. Qxe5 Rc8 31. Kg2 b5
32. f4 gxf4 33. exf4 Rc6 34. g4 Bf6 35. Qd5+ Kc7 36. Qd2 c4 37. Qa5+ Rb6
38. Qd2 b4 39. g5 c3 40. Qd3 Rd6 41. Qc4+ Rc6 42. Qf7+ Kb6 43. bxc3 bxc3
44. Qb3+ Kc7 45. gxf6 c2 46. Qb2 1-0

[Event "8th ch-Euro"]
[Site "Dresden GER"]
[Date "2007.04.05"]
[Round "3"]
[White "Orlov,And"]
[Black "Halkias,S"]
[Result "0-1"]
[WhiteElo "2447"]
[BlackElo "2583"]
[EventDate "2007.04.03"]

1. e4 e5 2. Nf3 Nc6 3. Nc3 Nf6 4. d4 exd4 5. Nxd4 Bb4 6. Nxc6 bxc6 7. Bd3
d5 8. exd5 cxd5 9. Qe2+ Be7 10. Bg5 O-O 11. O-O-O Be6 12. Rhe1 h6 13. Bh4
Qd6 14. Bg3 Qb6 15. Nb5 c5 16. c4 Rab8 17. Bc7 Qa6 18. Bxb8 Rxb8 19. Nc7
Qxa2 20. Bb1 Qa1 21. Nxe6 Ne4 22. Qc2 fxe6 23. cxd5 Bf6 24. Rxe4 Rxb2 25.
Qd3 Rxf2 26. Rd2 Bg5 27. Rf4 Bxf4 28. Qh7+ Kf7 29. Qg6+ Kf8 30. dxe6 Qc3+
0-1

[Event "8th ch-Euro"]
[Site "Dresden GER"]
[Date "2007.04.05"]
[Round "3"]
[White "Roos,M GER"]
[Black "Stocek,J"]
[Result "0-1"]
[WhiteElo "2349"]
[BlackElo "2566"]
[EventDate "2007.04.03"]

1. Nf3 Nf6 2. c4 b6 3. g3 Bb7 4. Bg2 c5 5. O-O e6 6. Nc3 Be7 7. Re1 d6 8.
e4 a6 9. d4 cxd4 10. Nxd4 Qc7 11. Be3 Nbd7 12. f4 Rc8 13. Rc1 O-O 14. g4
Nc5 15. Bf2 g6 16. b4 Ncd7 17. g5 Nh5 18. Be3 Qd8 19. Qg4 e5 20. Nf5 Nxf4
21. Nxe7+ Qxe7 22. Bxf4 exf4 23. Nd5 Bxd5 24. exd5 Ne5 25. Qxf4 a5 26. a3
axb4 27. axb4 Qa7 28. Rxe5 dxe5 29. Qxe5 Rfe8 30. Qc3 Re2 31. d6 Qd7 32.
Qd4 Rce8 33. Rf1 R8e5 34. h4 R5e4 35. Qd5 Rxg2+ 36. Kxg2 Qg4+ 0-1

[Event "8th ch-Euro"]
[Site "Dresden GER"]
[Date "2007.04.05"]
[Round "3"]
[White "Kurnosov,I"]
[Black "Schlawin,M"]
[Result "1/2-1/2"]
[WhiteElo "2580"]
[BlackElo "2306"]
[EventDate "2007.04.03"]

1. e4 e6 2. d4 d5 3. Nc3 Nf6 4. Bg5 Bb4 5. e5 h6 6. Bd2 Bxc3 7. bxc3 Ne4 8.
Qg4 g6 9. Qf4 c5 10. Bd3 Nxd2 11. Qxd2 Qc7 12. h4 Nc6 13. Nf3 Bd7 14. O-O
O-O-O 15. Rfe1 cxd4 16. cxd4 Ne7 17. a4 Bc6 18. Reb1 Kd7 19. Qf4 f5 20. a5
a6 21. Nd2 g5 22. hxg5 Ng6 23. Qe3 hxg5 24. Qxg5 Rdg8 25. Qf6 Rh7 26. g3
Nf8 27. Nf3 Qc8 28. Ng5 Rhg7 29. f4 Qe8 30. Kf2 Rxg5 31. fxg5 Nh7 32. Qh6
Nxg5 33. Rh1 Kc8 34. Rh4 Bb5 35. Qf6 Bxd3 36. cxd3 Qb5 37. Rh8 Ne4+ 38.
dxe4 Qb2+ 39. Kg1 Qxd4+ 40. Kf1 Qd3+ 41. Kf2 Qd2+ 1/2-1/2

[Event "8th ch-Euro"]
[Site "Dresden GER"]
[Date "2007.04.05"]
[Round "3"]
[White "Vaznonis,V"]
[Black "Korneev,O"]
[Result "0-1"]
[WhiteElo "2279"]
[BlackElo "2606"]
[EventDate "2007.04.03"]

1. d4 d5 2. c4 c6 3. Nf3 Nf6 4. Nc3 e6 5. Bg5 h6 6. Bxf6 Qxf6 7. e3 Nd7 8.
Bd3 dxc4 9. Bxc4 g6 10. O-O Bg7 11. Rc1 O-O 12. Re1 Rd8 13. e4 Qe7 14. e5
Rb8 15. Bd3 b6 16. Qe2 Bb7 17. Be4 b5 18. Red1 a6 19. Nb1 Rdc8 20. Nbd2 Ba8
21. Rc2 c5 22. Rdc1 Qf8 23. Bxa8 Rxa8 24. dxc5 Nxc5 25. Nd4 Kh7 26. Qe3 Nd7
27. Nc6 Nb8 28. f4 Nxc6 29. Rxc6 Rxc6 30. Rxc6 Qb4 31. Nb3 Rd8 32. Rc1 Rd5
33. a3 Qe7 34. Nc5 Qa7 35. b4 Bf8 36. h3 Qb6 37. Kf2 Kg7 38. Rc3 Be7 39.
Rc2 h5 40. Rc3 h4 41. Rc1 a5 42. Rc3 axb4 43. axb4 Rd8 44. Rc1 Rc8 45. Qe1
Qd8 46. Qc3 Qb6 47. Kg1 g5 48. Qe3 gxf4 49. Qxf4 Bxc5+ 50. bxc5 Qb7 51. Kh1
Kf8 52. Qh6+ Ke8 53. Qh8+ Kd7 54. Qf6 Kc6 55. Qf3+ Kc7 56. Qc3 0-1

[Event "8th ch-Euro"]
[Site "Dresden GER"]
[Date "2007.04.05"]
[Round "3"]
[White "Landenbergue,C"]
[Black "Sargissian,G"]
[Result "1/2-1/2"]
[WhiteElo "2450"]
[BlackElo "2658"]
[EventDate "2007.04.03"]

1. e4 e5 2. Nf3 Nc6 3. Bb5 a6 4. Ba4 Nf6 5. O-O Be7 6. Re1 b5 7. Bb3 O-O 8.
c3 d6 9. h3 Nb8 10. d4 Nbd7 11. Nbd2 Bb7 12. a3 c5 13. Bc2 Re8 14. d5 c4
15. Nf1 Bf8 16. Ng3 g6 17. Bg5 Bg7 18. Qd2 Qe7 19. a4 Nc5 20. Ra3 Qf8 21.
Rea1 Nfd7 22. Be3 Rec8 23. Qc1 Qd8 24. Nd2 Nb6 25. axb5 axb5 26. Ra7 Rxa7
27. Rxa7 Ra8 28. Qa1 Nba4 29. Rxa8 Qxa8 30. b3 cxb3 31. Nxb3 Qa6 32. Nxc5
Nxc5 33. Qxa6 Bxa6 34. Ne2 Bf6 35. Nc1 Bc8 36. Na2 Bd7 37. Nb4 Na4 38. Bd2
Nb6 39. Bd3 Nc4 40. Bc1 Bd8 41. Kf1 f5 42. f3 f4 43. Ke2 Kf7 44. Nc2 Ba5
45. Na3 Bxc3 46. Nxc4 bxc4 47. Bxc4 Bb4 48. Bd2 Bxd2 49. Kxd2 Kf6 50. Ba6
Kg5 51. Ke2 Kh4 52. Kf2 Kg5 53. Ke2 Kf6 54. Kd2 Ke7 55. Kc3 g5 56. Kb4 Be8
57. Bb5 Bg6 58. Ka5 h5 59. Kb6 g4 60. hxg4 hxg4 61. Kc7 g3 62. Kc8 Bh5 63.
Be2 Be8 64. Kc7 Bd7 65. Bf1 Ba4 66. Be2 1/2-1/2

[Event "8th ch-Euro"]
[Site "Dresden GER"]
[Date "2007.04.05"]
[Round "3"]
[White "Alsina Leal,D"]
[Black "Socko,B"]
[Result "0-1"]
[WhiteElo "2430"]
[BlackElo "2629"]
[EventDate "2007.04.03"]

1. e4 e6 2. d4 d5 3. Nc3 Nf6 4. Bg5 Bb4 5. exd5 exd5 6. Qf3 Nbd7 7. Bd3 h6
8. Bd2 Nf8 9. h3 Ne6 10. Nge2 O-O 11. O-O-O b6 12. g4 c5 13. Rhg1 cxd4 14.
Nb5 Bxd2+ 15. Rxd2 Ne4 16. Bxe4 Ng5 17. Bh7+ Kxh7 18. Qg2 Ba6 19. Nbxd4 Ne4
20. Rdd1 Re8 21. Kb1 Qh4 22. Ng3 Qg5 23. f3 Nd6 24. b3 Rac8 25. Qd2 Qxd2
26. Rxd2 Re3 27. Rgd1 Rce8 28. Ngf5 Nxf5 29. Nxf5 Rxf3 30. Rxd5 Be2 31. Re1
Rxh3 32. Rd2 Bb5 33. Rxe8 Bxe8 34. Rd8 Bc6 35. Nd4 Bf3 36. Rd7 Bxg4 37.
Rxf7 h5 38. Rxa7 h4 39. Nc6 Rg3 40. Ne5 h3 0-1

[Event "8th ch-Euro"]
[Site "Dresden GER"]
[Date "2007.04.05"]
[Round "3"]
[White "Sanikidze,T"]
[Black "Asrian,K"]
[Result "1/2-1/2"]
[WhiteElo "2446"]
[BlackElo "2634"]
[EventDate "2007.04.03"]

1. d4 e6 2. c4 Bb4+ 3. Bd2 Qe7 4. Nf3 Nf6 5. Nc3 Bxc3 6. Bxc3 Ne4 7. Qc2
Nxc3 8. Qxc3 d6 9. e3 Nd7 10. Be2 O-O 11. O-O b6 12. Nd2 c5 13. Rfd1 Bb7
14. Bf3 Nf6 15. Bxb7 Qxb7 16. dxc5 bxc5 17. Qc2 Rfb8 18. b3 a5 19. Nb1 a4
20. Nc3 axb3 21. axb3 Rxa1 22. Rxa1 h5 23. Nb5 d5 24. Ra7 Ra8 25. Qa2 Rxa7
26. Qxa7 Qxa7 27. Nxa7 Ne4 28. Nc6 Kf8 29. f3 dxc4 30. bxc4 Nd6 31. Ne5 Ke7
32. Kf2 f6 33. Nd3 Nb7 34. Ke2 e5 35. Nf2 f5 36. Kd3 Kf6 37. Nd1 Nd6
1/2-1/2

[Event "8th ch-Euro"]
[Site "Dresden GER"]
[Date "2007.04.05"]
[Round "3"]
[White "Swinkels,R"]
[Black "Bauer,Ch"]
[Result "0-1"]
[WhiteElo "2428"]
[BlackElo "2609"]
[EventDate "2007.04.03"]

1. e4 c5 2. Nf3 b6 3. d4 cxd4 4. Nxd4 Bb7 5. Nc3 a6 6. Be3 e6 7. f3 Qc7 8.
Qd2 Nf6 9. O-O-O Bb4 10. Nde2 Nc6 11. Bf4 Qc8 12. a3 Be7 13. Na4 Na5 14.
Nec3 Qc6 15. Be3 b5 16. Nb6 Rd8 17. e5 Nh5 18. g4 Nf4 19. Bxf4 Qxb6 20. Ne4
Bxe4 21. fxe4 O-O 22. Bd3 b4 23. a4 b3 24. Be3 Bc5 25. Bxc5 Qxc5 26. Qc3
Qb6 27. Bc4 Nxc4 28. Qxc4 Rc8 29. Qd4 Rxc2+ 30. Kb1 Qc6 31. Rd3 Rc4 32.
Qxd7 Qxe4 33. Rhd1 Rxa4 34. h3 h6 35. Qc7 Rd4 36. Qc3 Rxd3 37. Qxd3 Rd8 38.
Qxe4 Rxd1+ 0-1

[Event "8th ch-Euro"]
[Site "Dresden GER"]
[Date "2007.04.05"]
[Round "3"]
[White "Graf,A"]
[Black "Figura,A"]
[Result "1-0"]
[WhiteElo "2610"]
[BlackElo "2408"]
[EventDate "2007.04.03"]

1. c4 Nf6 2. Nc3 d5 3. cxd5 Nxd5 4. g3 g6 5. Bg2 Nb6 6. d3 Bg7 7. Be3 Nc6
8. Qd2 Nd4 9. Rc1 O-O 10. Bh6 e5 11. h4 f5 12. Nf3 c6 13. Bxg7 Nxf3+ 14.
Bxf3 Kxg7 15. b4 Qf6 16. a4 Be6 17. b5 Rad8 18. Qg5 Bd5 19. e4 fxe4 20.
Qxf6+ Rxf6 21. Bxe4 Rf7 22. a5 Na8 23. bxc6 bxc6 24. O-O Nc7 25. Rfe1 Bxe4
26. Rxe4 Rxd3 27. Rxe5 Rf5 28. Re7+ Rf7 29. Rxf7+ Kxf7 30. Ne4 Ke7 31. Rxc6
Kd7 32. Rc4 Ra3 33. Nf6+ Kd6 34. Nxh7 Rxa5 35. Rg4 Ra1+ 36. Kg2 a5 37.
Rxg6+ Kc5 38. Ng5 Re1 39. h5 a4 40. h6 a3 41. h7 a2 42. Ne4+ 1-0

[Event "8th ch-Euro"]
[Site "Dresden GER"]
[Date "2007.04.05"]
[Round "3"]
[White "Ris,R"]
[Black "Wojtaszek,R"]
[Result "1/2-1/2"]
[WhiteElo "2403"]
[BlackElo "2637"]
[EventDate "2007.04.03"]

1. d4 Nf6 2. Nf3 c5 3. c3 g6 4. g3 Bg7 5. Bg2 O-O 6. O-O Qc7 7. Bg5 h6 8.
Bxf6 Bxf6 9. Nbd2 Bg7 10. e3 d6 11. Qe2 Nd7 12. a3 Rb8 13. b4 Re8 14. Rfc1
b6 15. a4 Bb7 16. Ne1 d5 17. a5 e5 18. axb6 axb6 19. bxc5 bxc5 20. Rab1 Ba8
21. Rxb8 Rxb8 22. dxe5 Qxe5 23. c4 dxc4 24. Nxc4 Qe6 25. Bxa8 Rxa8 26. Nd3
Rc8 27. Qf3 Nf6 28. Nf4 Qe4 29. Qxe4 Nxe4 30. Ne2 Ra8 31. Rc2 Ra1+ 32. Kg2
f5 33. Nd2 Nxd2 34. Rxd2 Ra8 35. Nf4 g5 36. Ne6 Rc8 37. Rc2 c4 38. Kf3 Bf6
39. Nd4 Rc5 40. Ne6 Rc8 41. Nd4 Bxd4 42. exd4 Kf7 43. Ke3 Ke6 44. Ra2 Rb8
1/2-1/2

[Event "8th ch-Euro"]
[Site "Dresden GER"]
[Date "2007.04.05"]
[Round "3"]
[White "Ardeleanu,A"]
[Black "Kacheishvili,G"]
[Result "1-0"]
[WhiteElo "2407"]
[BlackElo "2587"]
[EventDate "2007.04.03"]

1. e4 c5 2. Nf3 g6 3. d4 cxd4 4. Nxd4 Bg7 5. Nc3 Nc6 6. Be3 Nf6 7. Nxc6
bxc6 8. e5 Ng8 9. Bd4 f6 10. exf6 Nxf6 11. Be2 Qa5 12. a3 e5 13. b4 Qc7 14.
Bc5 d5 15. O-O Kf7 16. f4 exf4 17. Qd2 g5 18. h4 h6 19. Rae1 Re8 20. hxg5
hxg5 21. Bh5+ Nxh5 22. Rxe8 Kxe8 23. Re1+ Kd8 24. Nxd5 cxd5 25. Qxd5+ Qd7
26. Re8+ Kc7 27. Re7 Ng3 28. Rxd7+ 1-0

[Event "8th ch-Euro"]
[Site "Dresden GER"]
[Date "2007.04.05"]
[Round "3"]
[White "Babula,V"]
[Black "Zueger,B"]
[Result "1-0"]
[WhiteElo "2584"]
[BlackElo "2415"]
[EventDate "2007.04.03"]

1. d4 Nf6 2. c4 c5 3. d5 b5 4. cxb5 a6 5. bxa6 g6 6. Nc3 Bxa6 7. g3 d6 8.
Bg2 Nbd7 9. Nf3 Nb6 10. b3 Bg7 11. Rb1 Ra7 12. O-O Qa8 13. Nh4 O-O 14. Re1
Rb8 15. Bb2 Rab7 16. Ba1 Nbd7 17. Nf3 Ng4 18. h3 Nge5 19. Nd2 Nf6 20. Na4
Ned7 21. Qc2 Qa7 22. e4 Nh5 23. Bxg7 Nxg7 24. Bf1 Bxf1 25. Kxf1 f5 26. Nc3
Ne5 27. Kg2 Qa6 28. Re3 fxe4 29. g4 Rf8 30. Ndxe4 c4 31. Nc5 dxc5 32. Rxe5
cxb3 33. Rxb3 Rxb3 34. axb3 Qf6 35. Re3 Qg5 36. Ne4 Qxd5 37. Qxc5 Qb7 38.
Qc4+ e6 39. Rf3 Rc8 40. Qd4 Rb8 41. Qe5 h6 42. Kh2 Rd8 43. Rc3 Qb6 44. Rc7
Ne8 45. Re7 Qxb3 46. Rxe6 1-0

[Event "8th ch-Euro"]
[Site "Dresden GER"]
[Date "2007.04.05"]
[Round "3"]
[White "Kuba,G"]
[Black "Luther,T"]
[Result "1/2-1/2"]
[WhiteElo "2403"]
[BlackElo "2580"]
[EventDate "2007.04.03"]

1. e4 e6 2. d4 d5 3. Nd2 c5 4. exd5 exd5 5. Ngf3 Nf6 6. Bb5+ Bd7 7. Bxd7+
Nbxd7 8. dxc5 Nxc5 9. O-O Be7 10. Nb3 Nce4 11. Be3 O-O 12. Nfd4 Qc8 13. h3
Re8 14. Qf3 Bf8 15. Bf4 a6 16. a4 Qd7 17. Rfd1 Rad8 18. a5 Qc8 19. c3 g6
20. Nc2 Bg7 21. Ne3 h5 22. Rd3 Qc6 23. Rad1 Rd7 24. Nd4 Qc8 25. Nb3 Qc6 26.
Nd4 Qc8 27. Nb3 Qc6 1/2-1/2